| 000 | 00870nam a2200205Ia 4500 | ||
|---|---|---|---|
| 003 | GCL | ||
| 005 | 20240530103009.0 | ||
| 008 | 140319s9999 xx 000 0 ara d | ||
| 040 |
_aGCL / _cGCL |
||
| 082 | 0 | 4 |
_a212 _bس ك |
| 100 | 1 | _aالسيوطى : جلال الدين ابوالفضل عبدالرحمن بن ابى بكر بن محمد الخضيرى | |
| 245 | 1 | 0 |
_aكتاب فى صفة صاحب الذوق السليم ومسلوب الذوق اللئيم / _cالسيوطى : جلال الدين ابوالفضل عبدالرحمن بن ابى بكر بن محمد الخضيرى |
| 260 |
_a[S.N] : _bدار ابن حزم ، _c1990 |
||
| 300 | _a80 ص | ||
| 650 | 0 | 4 | _aالاخلاق الاسلامية |
| 650 | 0 | 4 | _aاداب السلوك |
| 650 | 0 | 4 | _aالاداب الاجتماعية |
| 650 | 0 | 4 | _aالاخلاق الاجتماعية |
| 942 |
_2ddc _cBK |
||
| 999 |
_c36017 _d36017 |
||